| 000 | 00971cam a2200313 4500 | ||
|---|---|---|---|
| 001 | 22828 | ||
| 003 | SK-KTurca | ||
| 005 | 20260429090159.0 | ||
| 008 | 210219s2021 xr e 010 f slo | ||
| 015 | _aSNBZSA2023/04 | ||
| 020 |
_a9788020619150 _q(viazané) |
||
| 040 |
_aTTKJF _bslo _cTTKJF _dSNK _erda |
||
| 041 | 0 | _aslo | |
| 044 |
_axr _cCZ |
||
| 072 | 7 |
_a821.162.4-3 _xSlovenská próza _2konspekt |
|
| 080 |
_a821.162.4-31 _22011 |
||
| 100 | 1 |
_aHlavatá, Dana, _d1957- _4aut |
|
| 245 | 1 | 0 |
_aDenník chaotickej matky _cDana Hlavatá |
| 264 | 1 |
_aPraha _bNaše vojsko _c2021 |
|
| 300 |
_a274 strán _c19 cm |
||
| 336 |
_atext _btxt _2rdacontent |
||
| 337 |
_abez média _bn _2rdamedia |
||
| 338 |
_azväzok _bnc _2rdacarrier |
||
| 500 | _aObsahuje biografické a profesijné údaje o autorke na záložke prebalu | ||
| 655 | 7 |
_aslovenské romány _2SNKPH |
|
| 655 | 7 |
_aSlovak fiction _2SNKPHeng |
|
| 942 |
_2ddc _cKLDO _n0 |
||
| 999 |
_c22828 _d22828 |
||